000 00830nam a2200253Ia 4500
003 OSt
005 20221005113414.0
006 a|||||r|||| 00| 0
007 ta
008 221004b |||||||| |||| 00| 0 pan d
020 _a9788178837130 (hbk)
_c180
024 _a2709
037 _b704, 21/01/2013, Bright Book Service
_cTextual
040 _aCRL
_cCRL
_bpan
041 _2pan
_apan
082 _aQ8441:33:g, 153Q1
100 _aਜਸਮੇਲ ਸਿੰਘ
245 0 _aਗੁਰ ਦਾ ਸੰਕਲਪ
260 _aਲੁਧਿਆਣਾ
_bਚੇਤਨਾ ਪ੍ਰਕਾFਨ ਭਾਰਤ
_c2011
300 _a142ਪੰ
_ccm.
650 _aਧਰਮ
942 _hQ8441:33:g, 153Q1
_cTEXL
_2cc
999 _c1028087
_d1028087